Practical Manual of Dispensing Pharmacy (Record no. 33839)
[ view plain ]
| 000 -LEADER | |
|---|---|
| fixed length control field | 00344nam a2200145Ia 4500 |
| 008 - FIXED-LENGTH DATA ELEMENTS--GENERAL INFORMATION | |
| fixed length control field | 220204s9999 xx 000 0 und d |
| 020 ## - INTERNATIONAL STANDARD BOOK NUMBER | |
| International Standard Book Number | 9789385998713 |
| 082 ## - DEWEY DECIMAL CLASSIFICATION NUMBER | |
| Classification number | 615.5 |
| Item number | Das-P |
| 100 ## - MAIN ENTRY--PERSONAL NAME | |
| Personal name | Das Nilimanka |
| 245 #0 - TITLE STATEMENT | |
| Title | Practical Manual of Dispensing Pharmacy |
| 250 ## - EDITION STATEMENT | |
| Edition statement | 1ST |
| 260 ## - PUBLICATION, DISTRIBUTION, ETC. | |
| Place of publication, distribution, etc. | Delhi |
| Name of publisher, distributor, etc. | MEDTECH |
| 300 ## - PHYSICAL DESCRIPTION | |
| Extent | 2014 |
| 942 ## - ADDED ENTRY ELEMENTS (KOHA) | |
| Koha item type | Book |
| Withdrawn status | Lost status | Source of classification or shelving scheme | Damaged status | Not for loan | Collection code | Permanent Location | Current Location | Shelving location | Date acquired | Cost, normal purchase price | Full call number | Barcode | Date last seen | Price effective from | Koha item type | Total Checkouts | Date last checked out |
|---|---|---|---|---|---|---|---|---|---|---|---|---|---|---|---|---|---|
| Maharishi School of Pharmaceutical Science (Lucknow) | Maharishi School of Pharmaceutical Science (Lucknow) | R14S3 | 2022-02-04 | 295.00 | 615.4 DAS-P | SOPH1877 | 2022-02-04 | 2022-02-04 | Book | ||||||||
| Maharishi School of Pharmaceutical Science (Lucknow) | Maharishi School of Pharmaceutical Science (Lucknow) | R14S3 | 2022-02-04 | 295.00 | 615.4 DAS-P | SOPH1878 | 2025-02-05 | 2022-02-04 | Book | 1 | 2025-01-31 | ||||||
| Maharishi School of Pharmaceutical Science (Lucknow) | Maharishi School of Pharmaceutical Science (Lucknow) | R14S3 | 2022-02-04 | 295.00 | 615.4 DAS-P | SOPH1879 | 2022-02-04 | 2022-02-04 | Book | ||||||||
| Maharishi School of Pharmaceutical Science (Lucknow) | Maharishi School of Pharmaceutical Science (Lucknow) | R14S3 | 2022-02-04 | 295.00 | 615.4 DAS-P | SOPH1880 | 2025-01-31 | 2022-02-04 | Book | 1 | 2025-01-31 | ||||||
| Maharishi School of Pharmaceutical Science (Lucknow) | Maharishi School of Pharmaceutical Science (Lucknow) | R14S3 | 2022-02-04 | 295.00 | 615.4 DAS-P | SOPH1881 | 2022-02-04 | 2022-02-04 | Book |